Limitation clauses revisited (Record no. 79230)
[ view plain ]
| 000 -LEADER | |
|---|---|
| fixed length control field | 01204cad a22002295a 4500 |
| 001 - CONTROL NUMBER | |
| control field | L140200 |
| 008 - FIXED-LENGTH DATA ELEMENTS--GENERAL INFORMATION | |
| fixed length control field | 070912e20070704xxk f 000 0 eng d |
| 035 ## - SYSTEM CONTROL NUMBER | |
| System control number | (Sirsi) u140200 |
| 041 0# - LANGUAGE CODE | |
| Language code of text/sound track or separate title | eng |
| 100 1# - MAIN ENTRY--PERSONAL NAME | |
| Personal name | Savage, Jenny |
| 245 00 - TITLE STATEMENT | |
| Title | Limitation clauses revisited |
| Medium | [electronic resource] |
| 260 ## - PUBLICATION, DISTRIBUTION, ETC. | |
| Date of publication, distribution, etc. | 2007 |
| 490 #0 - SERIES STATEMENT | |
| Series statement | RICS Feature |
| Volume/sequential designation | 4 July 2007 |
| 520 ## - SUMMARY, ETC. | |
| Summary, etc. | Considers whether a cap on liability can be extended to cover loss that occurs outside a contract, with reference to "Shepherd Homes Ltd v Encia Remediation Ltd and Green Piling Ltd" ([2007] EWHC 70 (TCC), L137823). "Shepherd Homes" demonstrates that caps will be applied strictly by the courts and that it is important to carefully read documents that are stated to be part of any contractual offer, including terms and conditions. |
| 590 ## - LOCAL NOTE (RLIN) | |
| Local note | KA |
| 650 24 - SUBJECT ADDED ENTRY--TOPICAL TERM | |
| Topical term or geographic name entry element | SHEPHERD HOMES LTD V ENCIA REMEDIATION LTD AND ANOTHER |
| 651 #4 - SUBJECT ADDED ENTRY--GEOGRAPHIC NAME | |
| Geographic name | England and Wales |
| Chronological subdivision | 1543- |
| 690 ## - LOCAL SUBJECT ADDED ENTRY--TOPICAL TERM (OCLC, RLIN) | |
| Topical term or geographic name as entry element | BUILT ENVIRONMENT-CONSTRUCTION MANAGEMENT-BUILDING CONTRACT ADMINISTRATION |
| 710 2# - ADDED ENTRY--CORPORATE NAME | |
| Corporate name or jurisdiction name as entry element | Cameron McKenna |
| 9 (RLIN) | 3669 |
| 856 40 - ELECTRONIC LOCATION AND ACCESS | |
| Uniform Resource Identifier | <a href="https://www.rics.org/RICSWEB/getpage.aspx?p=DF56uTcuQ0ie_T6iJANt_A">https://www.rics.org/RICSWEB/getpage.aspx?p=DF56uTcuQ0ie_T6iJANt_A</a> |
| Public note | View the article free of charge at www.rics.org... |
| 942 ## - ADDED ENTRY ELEMENTS (KOHA) | |
| Suppress in OPAC | 0 |
| Withdrawn status | Lost status | Source of classification or shelving scheme | Damaged status | Not for loan | Home library | Current library | Shelving location | Date acquired | Total Checkouts | Full call number | Barcode | Date last seen | Copy number | Price effective from | Koha item type |
|---|---|---|---|---|---|---|---|---|---|---|---|---|---|---|---|
| Dewey Decimal Classification | Virtual | Virtual | Online | 12/09/2007 | ONLINE PUBLICATION | 140200-2001 | 06/08/2019 | 1 | 06/08/2019 | Journal article |